Chilean Cities and Communes Quiz Stats

 Plays Quiz not verified by Sporcle

Score 0/64 Timer 15:00
0 Plays Today
% Correct
Santiago
91.2%
Valparaiso
89.5%
Concepcion
80.7%
Arica
78.9%
Punta Arenas
77.2%
Antofagasta
75.4%
Talca
70.2%
Iquique
68.4%
Puerto Montt
68.4%
La Serena
66.7%
Viña del Mar
64.9%
Talcahuano
63.2%
Valdivia
63.2%
Coquimbo
59.6%
Rancagua
59.6%
Temuco
59.6%
Calama
54.4%
Osorno
54.4%
Copiapo
52.6%
Los angeles
50.9%
Chillan
49.1%
Quilpue
47.4%
San Antonio
43.9%
Quillota
43.9%
Curico
43.9%
San Fernando
42.1%
Coyhaique
42.1%
Chañaral
40.4%
Ancud
40.4%
San Felipe
40.4%
Tocopilla
38.6%
Puerto Natales
38.6%
% Correct
Melipilla
38.6%
Ovalle
36.8%
Los vilos
33.3%
Taltal
31.6%
Diego de Almagro
29.8%
Limache
29.8%
Constitucion
29.8%
Puerto Aysen
29.8%
Pozo Almonte
28.1%
Mejillones
28.1%
Huasco
28.1%
Santa Cruz
28.1%
Angol
28.1%
Salamanca
26.3%
Cauquenes
26.3%
Victoria
26.3%
La Union
26.3%
San Javier
24.6%
Frutillar
24.6%
Combarbala
22.8%
Santa Barbara
19.3%
Coelemu
17.5%
Quirihue
17.5%
San Carlos
17.5%
Graneros
15.8%
Nueva Imperial
12.3%
Llanquihue
10.5%
Coihueco
7%
Cañete
5.3%
Curanilahue
1.8%
Los alamos
1.8%
Quillón
1.8%

You're not logged in!

Compare scores with friends on all Sporcle quizzes.
OR
Log In

Show Comments

Extras

Created Nov 24, 2010ReportNominate
Tags:City Quiz, Nintendo Quiz

Top Quizzes Today


Score Distribution

Your Account Isn't Verified!

In order to create a playlist on Sporcle, you need to verify the email address you used during registration. Go to your Sporcle Settings to finish the process.

Report this User

Report this user for behavior that violates our Community Guidelines.

Details: